01150aam a2200397 450000500170000000800410001702000180005804100080007608200250008410000300010924500470013926000130018626000140019926000090021330000180022249000470024065000260028765000270031365000330034065000120037365000270038565000220041265000290043465000200046365000300048365000280051365000260054165000480056765000240061565000160063965000130065565000110066894200120067999900150069195200460070620250625140922.0150721b2016 xxu||||| |||| 00| 0 spa d a9786076226940 aESP a658.404.028.5 SO714p aSoriano Domenech, Roberto aProject 2016: curso práctico paso a paso aMéxico bAlfaomega c2016 a257 páginas aDirección y Administración de Empresas aGERENCIA DE PROYECTOS aPROCESAMIENTO DE DATOS aAPLICACIONES DE COMPUTADORAS aPROJECT aGESTIÓN DE PROYECTOS aCREAR UN PROYECTO aMANEJO DE LA HERRAMIENTA aVISTAS Y TABLAS aPLANIFICACIÓN DE TAREAS aCALENDARIO DEL PROYECTO aGESTIÓN DE RECURSOS aGESTIÓN DE PERSONAS Y RECURSOS MATERIALES aGESTIÓN DE COSTOS aSEGUIMIENTO aINFORMES aMACROS cBK2ddc c6437d6437 o658.404.028.5 S714pp22154xDAE x TIyBK